00337nam a2200133Ia 4500008004100000041000800041082001500049100002200064245002800086250001500114260003500129300003200164365000700196240624s9999 xx 000 0 und d aeng a302.35 ROB aROBBINS STEPHEN P aORGANIZATIONAL BEHAVIOR a(10th ed.) c2004aDelhibPearson Education axxix, : 675 : p. : cm. ; 26 cRS